000 00414 a2200157 4500
999 _c12935
_d12935
003 OSt
005 20240725153503.0
008 240725b ||||| |||| 00| 0 eng d
020 _a9781592533527
082 _a302.2/22
100 _a Kristin Cullen
245 _aLayout Workbook: A Real-World Guide to Building Pages in Graphic Design
260 _bRockport Publishers
_c 2007
300 _a239p;
942 _2ddc